Statistics for České fotbalové kluby v nejvyšší lize 1993 - 2020

Click here to take the quiz!

General Stats

  • This quiz has been taken 635 times
  • The average score is 22 of 34

Answer Stats

Počet sezónJméno fotbalového klubu% Correct
29AC Sparta Praha
99%
28FC Baník Ostrava
97%
29SK Slavia Praha
97%
25FC Viktoria Plzeň
94%
25FC Zbrojovka Brno
91%
29FC Slovan Liberec
90%
17FC Fastav Zlín
87%
2FK Pardubice
87%
27SK Sigma Olomouc
87%
15FC Hradec Králové
86%
20Bohemians Praha 1905
84%
21SK Dynamo České Budějovice
83%
28FK Jablonec
82%
26FK Teplice
78%
211. FC Slovácko
76%
9FK Dukla Praha
74%
6MFK Karviná
74%
7FC Vysočina Jihlava
73%
11Slezský FC Opava
69%
18FK Mladá Boleslav
67%
221. FK Příbram
63%
1FK Ústí nad Labem
59%
14FK Viktoria Žižkov
57%
3FK SIAD Most
45%
4SK Kladno
44%
11. SC Znojmo FK
43%
3FC Union Cheb
35%
8FK Chmel Blšany
34%
101. FK Petra Drnovice
33%
1MFK Vítkovice
22%
1FK Švarc Benešov
21%
1AFK Atlantic Lázně Bohdaneč
19%
2FK Bohemians Praha (Střížkov)
15%
2FC Karviná
7%

Score Distribution

Percentile by Number Answered

Percent of People with Each Score

Your Score History

You have not taken this quiz